00571 2200193 4500001002100000005001500021035002000036007000300056008004100059020002200100082001100122084001700133100001500150245011000165250001000275260004800285300003100333990001300364INLIS00000000000086720171027103811 a0010-1017000421ta171027 f 1 ind  a978-979-22-9354-8 a297.27 a297.27 RIZ u0 aRizal Agus1 aUtang Halal, Utang Haram :bPanduan Berutang dan Sekelumit Permasalahan dalam Syariat Islam /cAgus Rizal aCet 1 aJakarta :bPT Gramedia Pustaka Agama,c2013 a324 Hlm :bIlus ;c13.5x20 a14.575 a